000 00760nam a2200193Ia 4500
008 0000001990 fr a 0000000000fre00
090 _aPUS00 G43r
100 1 _aGlissant, Edouard
245 1 0 _aRosofsky
_b: oeuvres de 1958 a 1981
_c/ texte de Edouard Glissant
300 _a45 p.
_c/ 21 cm.
500 _aExposición realizada en Galerie du Dragon, Paris, MarzoAbril, 1990 \ Con el patronazgo del maestro venezolano Jesús Rafael Soto (q.e.p.d.)
600 0 0 _aROSOFSKY, SEYMOUR, 19241981/
_xTRABAJOS PICTORICOS
650 1 4 _aARTE CONTEMPORANEO ESTADOUNIDENSE
650 1 4 _xCATALOGOS
650 1 4 _xEXPOSICIONES
650 1 4 _aPINTORES ESTADOUNIDENSES
650 1 4 _aPINTURA ESTADOUNIDENSE
999 _c1626
_d1626
260 _aParis : Galerie du Dragon
_c1990